The retention fund is the contractor`s (Record no. 31241)

MARC details
000 -LEADER
fixed length control field 01039cab a2200217 4500
001 - CONTROL NUMBER
control field ABS44925
008 - FIXED-LENGTH DATA ELEMENTS--GENERAL INFORMATION
fixed length control field 090401t1991 xxu||||| |||| 00| 0 eng d
035 ## - SYSTEM CONTROL NUMBER
System control number (Sirsi) u49908
041 ## - LANGUAGE CODE
Language code of text/sound track or separate title eng
100 ## - MAIN ENTRY--PERSONAL NAME
Personal name Powell-Smith, V.
245 #4 - TITLE STATEMENT
Title The retention fund is the contractor`s
260 ## - PUBLICATION, DISTRIBUTION, ETC.
Date of publication, distribution, etc. 1991
350 ## - PRICE (NR) (BK AM CF MU VM SE) [OBSOLETE]
Price 0
490 ## - SERIES STATEMENT
Series statement Contract Journal
Volume/sequential designation 358(5831) 25 July 1991, 7(1)
520 ## - SUMMARY, ETC.
Summary, etc. Highlights another case, JF Finnegan Ltd v Ford Sellar Morris Developments Ltd 1990 unreported, which settles the status of a retention fund as being the contractor`s monies and should be kept in a separate bank account. The contractor is entitled to ask at any time for such placement in a separate bank account, in spite of JCT 1981 cl 30.4.2.2, which stipulates this request should be made only when an interim payment is made.
650 ## - SUBJECT ADDED ENTRY--TOPICAL TERM
Topical term or geographic name entry element BUILT ENVIRONMENT-BUILDING CONTRACT FORMS
650 ## - SUBJECT ADDED ENTRY--TOPICAL TERM
Topical term or geographic name entry element WATES CONSTRUCTION LTD V FRANTHOM PROPERTIES
690 ## - LOCAL SUBJECT ADDED ENTRY--TOPICAL TERM (OCLC, RLIN)
Topical term or geographic name as entry element BUILT ENVIRONMENT-BUILDING CONTRACT FORMS
942 ## - ADDED ENTRY ELEMENTS (KOHA)
Suppress in OPAC 0
948 ## - LOCAL PROCESSING INFORMATION (OCLC); SERIES PART DESIGNATOR (RLIN)
c (OCLC) 04/03/1997
Holdings
Withdrawn status Lost status Source of classification or shelving scheme Damaged status Not for loan Home library Current library Shelving location Date acquired Total Checkouts Full call number Barcode Date last seen Copy number Price effective from Koha item type
    Dewey Decimal Classification     London London Journal article 14/09/1999   ABS44925 49908-1001 06/08/2019 1 06/08/2019 Journal article